[Event "Ch Latvia (w)"]
[Site "Riga (Latvia)"]
[Date "2021.09.17"]
[Round "1.1"]
[White "Rogule Laura (LAT)"]
[Black "Parhomenko Anastasija (LAT)"]
[Result "1-0"]
[WhiteElo "1501"]
[BlackElo "1501"]
[Annotator ""]
[Source ""]
[Remark ""]

1.d4 e6 2.c4 c5 3.d5 exd5 4.cxd5 d6 5.Nc3 a6 6.a4 g6 7.e4 Bg7
8.Be2 Ne7 9.h4 h6 10.g4 Nd7 11.Be3 Qa5 12.Ra3 Qb4 13.Bd2 Kf8
14.a5 Rg8 15.Qc2 c4 16.Na4 c3 17.Rxc3 Qd4 18.Nf3 Qa7 19.Rc7 Ne5
20.Nxe5 Bxe5 21.Bxh6+ 1-0

[Event "Ch Latvia (w)"]
[Site "Riga (Latvia)"]
[Date "2021.09.17"]
[Round "1.2"]
[White "Maklakova Naomi (LAT)"]
[Black "Golsta Madara (LAT)"]
[Result "0-1"]
[WhiteElo "1416"]
[BlackElo "1967"]
[Annotator ""]
[Source ""]
[Remark ""]

1.d4 Nf6 2.Nf3 g6 3.Bf4 Bg7 4.e3 c5 5.c3 b6 6.Bd3 Bb7 7.Nbd2
O-O 8.O-O d6 9.Bg3 Nbd7 10.Rc1 a6 11.Bb1 b5 12.e4 Qb6 13.e5 dxe5
14.dxe5 Nh5 15.Re1 Nxg3 16.hxg3 Rad8 17.e6 fxe6 18.Qe2 e5 19.Be4
Bc8 20.Ng5 Nf6 21.Bf3 Bh6 22.Qe3 Bf5 23.Rcd1 Rd3 24.Qxe5 Bxg5
25.Ne4 Bxe4 26.Bxe4 Rxd1 27.Rxd1 Nxe4 28.Qxe4 Bf6 29.c4 Bd4 30.Rd2
Qd6 31.Qc2 Qe5 32.Re2 Rxf2 0-1

[Event "Ch Latvia (w)"]
[Site "Riga (Latvia)"]
[Date "2021.09.17"]
[Round "1.3"]
[White "Ungure Liga (LAT)"]
[Black "Jansone Melanija Luize (LAT)"]
[Result "1-0"]
[WhiteElo "1194"]
[BlackElo "1413"]
[Annotator ""]
[Source ""]
[Remark ""]

1.e4 d6 2.d4 Nf6 3.Nc3 g6 4.Nf3 Bg7 5.Be2 O-O 6.O-O c6 7.a4 Qc7
8.h3 e5 9.Be3 Nbd7 10.Qd2 Re8 11.dxe5 dxe5 12.Rfd1 Nh5 13.Bc4
Nb6 14.Bb3 Nf4 15.Ng5 Be6 16.Nxe6 Nxe6 17.a5 Nc8 18.Qd7 Qxd7
19.Rxd7 h5 20.Rxb7 Nd6 21.Rxa7 Rxa7 22.Bxa7 Nd4 23.a6 Ra8 24.Bc5
N6b5 25.Nxb5 Nxb5 26.c3 Nc7 27.Bc4 Bf8 28.Bb6 Ne8 29.a7 Nd6 30.Ba6 1-0

[Event "Ch Latvia (w)"]
[Site "Riga (Latvia)"]
[Date "2021.09.17"]
[Round "1.4"]
[White "Paune Inese (LAT)"]
[Black "Parhomenko Margarita (LAT)"]
[Result "0-1"]
[WhiteElo "1405"]
[BlackElo "1935"]
[Annotator ""]
[Source ""]
[Remark ""]

1.e4 c6 2.d4 d5 3.Nc3 dxe4 4.Nxe4 Nd7 5.Nf3 Ngf6 6.Bd3 Nxe4 7.Bxe4
Nf6 8.Bd3 e6 9.Qe2 Be7 10.O-O O-O 11.Re1 b6 12.c4 Bb7 13.b3 Qc7
14.Bb2 a5 15.Bc2 Rfd8 16.Rac1 Qf4 17.Ne5 Bd6 18.g3 Qh6 19.Ng4
Nxg4 20.Qxg4 c5 21.Rcd1 Qf6 22.Bc1 Bf3 23.Qh3 h6 24.Be4 Bxd1
25.Bxa8 Rxa8 26.Rxd1 cxd4 27.Qg2 Rd8 28.Qe4 e5 29.Rd3 Qe6 30.Kg2
a4 31.Rd2 Bb4 32.Rd3 f5 33.Qe2 e4 34.Bb2 Bc5 35.Qe1 Qc6 36.Rd1
axb3 37.axb3 d3 38.Kg1 Bd4 39.Bxd4 Rxd4 40.Rd2 Qc5 41.Ra2 Rd8
42.Qc3 Qd6 43.Qd2 Qd4 44.Kf1 Re8 45.Qf4 g6 46.Qxh6 Qg7 47.Qe3
Qb7 48.Qd4 e3 49.Qd5+ Qxd5 50.cxd5 d2 0-1

[Event "Ch Latvia (w)"]
[Site "Riga (Latvia)"]
[Date "2021.09.17"]
[Round "1.5"]
[White "Ter-Avetisjana Agnesa Stepania (LAT)"]
[Black "Krasilnikova Marija (LAT)"]
[Result "1-0"]
[WhiteElo "1201"]
[BlackElo "1201"]
[Annotator ""]
[Source ""]
[Remark ""]

1.e4 c5 2.Nf3 e6 3.c3 Nc6 4.d4 cxd4 5.cxd4 Nf6 6.Nc3 Be7 7.d5
exd5 8.exd5 Nb4 9.a3 Qa5 10.Bc4 O-O 11.O-O d6 12.axb4 Qxb4 13.Qb3
Qc5 14.Be3 Qc7 15.Nb5 Qd8 16.Nxa7 Ng4 17.Nc6 1-0

[Event "Ch Latvia (w)"]
[Site "Riga (Latvia)"]
[Date "2021.09.17"]
[Round "1.6"]
[White "Guminskaya Daria (LAT)"]
[Black "Kazmerika Anna (LAT)"]
[Result "0-1"]
[WhiteElo "1174"]
[BlackElo "1851"]
[Annotator ""]
[Source ""]
[Remark ""]

1.e4 e5 2.Nf3 Nc6 3.Bb5 Nf6 4.Bxc6 dxc6 5.d3 Bd6 6.Be3 h6 7.Nbd2
Be6 8.h3 Qe7 9.Qe2 Rd8 10.g4 a6 11.g5 hxg5 12.Nxg5 Kd7 13.Nxe6
Qxe6 14.Qf1 Kc8 15.h4 Rh5 16.Nb3 Rdh8 17.Bg5 Nd7 18.Qg1 f6 19.Be3
g5 20.O-O-O Rxh4 21.Rxh4 Rxh4 22.f3 Qh3 23.Qf2 Qh2 24.Qxh2 Rxh2
25.d4 Rh3 26.Rf1 b6 27.Kd2 exd4 28.Bxd4 c5 29.Bc3 b5 30.a3 Kb7
31.Na5+ Kb6 32.b4 Bf4+ 33.Kd3 g4 34.Ke2 Rh2+ 35.Kd1 g3 36.bxc5+
Kxc5 37.Bb4+ Kb6 38.c4 g2 0-1

[Event "Ch Latvia (w)"]
[Site "Riga (Latvia)"]
[Date "2021.09.17"]
[Round "1.7"]
[White "Maklakova Nellija (LAT)"]
[Black "Mierina Lauma (LAT)"]
[Result "1-0"]
[WhiteElo "1816"]
[BlackElo "1126"]
[Annotator ""]
[Source ""]
[Remark ""]

1.c4 e5 2.Nc3 c5 3.g3 Nc6 4.Bg2 Nf6 5.d3 Be7 6.Nf3 O-O 7.Bg5
d6 8.O-O Be6 9.Rc1 h6 10.Bd2 Qd7 11.Re1 Rfe8 12.a3 Rac8 13.e3
Bg4 14.Qc2 Bf5 15.Nh4 Bh7 16.f4 Nh5 17.Nf3 Nf6 18.Nd5 e4 19.dxe4
Nxe4 20.Ne5 dxe5 21.Bxe4 Bxe4 22.Qxe4 f5 23.Qg2 e4 24.Bc3 Rf8
25.g4 fxg4 26.Qxe4 Bf6 27.Rcd1 Qf7 28.Nxf6+ gxf6 29.Qf5 Rc7 30.Qxg4+
Kh8 31.Qh4 Qg6+ 32.Kf2 Kh7 33.Rg1 Qf5 34.Qg4 Qxg4 35.Rxg4 f5
36.Rh4 Rg8 37.Rd6 Rg6 38.Rd5 Ne7 39.Rd8 Ng8 40.Rf8 Re7 41.Rxf5
b6 42.Re5 Reg7 43.f5 Rg2+ 44.Kf3 Rg1 45.Re6 Rf7 46.e4 Rf1+ 47.Ke3
Rd7 48.Rg4 Rfd1 49.Reg6 R1d3+ 1-0

[Event "Ch Latvia (w)"]
[Site "Riga (Latvia)"]
[Date "2021.09.17"]
[Round "1.8"]
[White "Tolmaceva Alona (LAT)"]
[Black "Kuznecova Marija (LAT)"]
[Result "0-1"]
[WhiteElo "1793"]
[BlackElo "1793"]
[Annotator ""]
[Source ""]
[Remark ""]

1.e4 c5 2.Nf3 d6 3.d4 cxd4 4.Nxd4 Nf6 5.Nc3 a6 6.Be3 e5 7.Nb3
Be6 8.f3 Be7 9.Qd2 O-O 10.O-O-O a5 11.a4 Nc6 12.g4 Nb4 13.Kb1
Rc8 14.h4 d5 15.exd5 Nbxd5 16.Nxd5 Nxd5 17.Bd3 Nb4 18.Qf2 Bxb3
19.cxb3 Nxd3 20.Qe2 Qd5 21.Rxd3 Qe6 22.g5 b5 23.h5 bxa4 24.g6
axb3 25.gxh7+ Kxh7 26.Rg1 Rc2 27.Rd2 Rxd2 28.Bxd2 Qf5+ 29.Ka1
Rd8 30.Qg2 Bf6 31.Bc3 Qc2 32.Qg3 Rd1+ 33.Rxd1 Qxd1# 0-1

[Event "Ch Latvia (w)"]
[Site "Riga (Latvia)"]
[Date "2021.09.17"]
[Round "1.9"]
[White "Gordievich Larisa (LAT)"]
[Black "Maklakova Dafne (LAT)"]
[Result "1-0"]
[WhiteElo "1021"]
[BlackElo "1021"]
[Annotator ""]
[Source ""]
[Remark ""]

1.Nf3 Nc6 2.g3 Nf6 3.Bg2 e5 4.d3 d5 5.O-O Bc5 6.c4 Be6 7.cxd5
Bxd5 8.Nc3 Be6 9.Bg5 O-O 10.Nd2 Bd7 11.Nd5 Be7 12.Nxe7+ Qxe7
13.Ne4 Rad8 14.f4 Bf5 15.fxe5 Qxe5 16.Bxf6 gxf6 17.Kh1 Bxe4 18.Bxe4
Rd6 19.e3 Qg5 20.Rf4 Qe5 21.Rh4 f5 22.Qh5 Qg7 23.Bxf5 h6 24.Rg4
Rg6 25.Bxg6 fxg6 26.Rxg6 Qxg6 27.Qxg6+ Kh8 28.Kg2 Ne5 29.Qxh6+
Kg8 30.Qg5+ Kh7 31.Qxe5 Rf7 32.Rc1 c6 33.Rc4 Rg7 34.Rh4+ Kg6
35.Qe6+ Kg5 36.Rg4+ Kh5 37.Qf5+ Kh6 38.Rh4# 1-0

[Event "Ch Latvia (w)"]
[Site "Riga (Latvia)"]
[Date "2021.09.17"]
[Round "1.10"]
[White "Plauca Lelde (LAT)"]
[Black "Golsta Ramona (LAT)"]
[Result "0-1"]
[WhiteElo "1021"]
[BlackElo "1738"]
[Annotator ""]
[Source ""]
[Remark ""]

1.e4 e5 2.Nf3 Nc6 3.Nc3 Nf6 4.Bc4 Be7 5.d3 O-O 6.O-O d6 7.h3
Na5 8.Bb3 Nxb3 9.axb3 h6 10.Be3 a6 11.Ne2 Nh7 12.c4 f5 13.exf5
Bxf5 14.Ng3 Ng5 15.Nh4 Nxh3+ 16.gxh3 Bxh4 17.Nxf5 Rxf5 18.Qg4
Qf6 19.b4 Rf8 20.Qg2 Bg5 21.Rae1 Bf4 22.Bxf4 exf4 23.Kh1 f3 24.Qh2
Rh5 25.Rg1 Qf5 26.Rg3 Qxd3 27.Reg1 g5 28.Rg4 Re8 29.Qg3 Re2 30.Rh4
Rxh4 31.Qxh4 Kg7 32.Qg3 Rxb2 33.h4 Qf5 34.hxg5 hxg5 35.Qh2 Rb1
36.Rxb1 Qxb1+ 37.Qg1 Qxg1+ 38.Kxg1 c5 39.bxc5 dxc5 40.Kf1 b5
41.cxb5 axb5 42.Ke1 b4 43.Kd2 c4 44.Kc2 g4 0-1

[Event "Ch Latvia (w)"]
[Site "Riga (Latvia)"]
[Date "2021.09.18"]
[Round "2.1"]
[White "Kuznecova Marija (LAT)"]
[Black "Rogule Laura (LAT)"]
[Result "0-1"]
[WhiteElo "1793"]
[BlackElo "2286"]
[Annotator ""]
[Source ""]
[Remark ""]

1.e4 c5 2.Nf3 a6 3.Nc3 b5 4.d4 cxd4 5.Nxd4 Bb7 6.Bd3 g6 7.Be3
Bg7 8.Qd2 Nc6 9.Nb3 Ne5 10.O-O-O Ng4 11.Nd5 Nxe3 12.Nxe3 Rc8
13.Kb1 d6 14.h4 Nf6 15.Qb4 Qc7 16.Rhf1 Nd7 17.f4 Nb6 18.Qa5 Nc4
19.Bxc4 bxc4 20.Qa4+ Qd7 21.Qxd7+ Kxd7 22.Na5 Bxe4 23.Naxc4 Rc5
24.Ne5+ Ke6 25.Nd3 Rb5 26.b3 f5 27.Rfe1 Kf7 28.a4 Rb7 29.Ka2
Rc8 30.Re2 Rc3 31.Nc4 Rc7 32.Kb1 Kf8 33.Red2 Rb7 34.Ncb2 Bd4
35.Re1 Rc8 36.Red1 Bc3 37.Re2 Kg7 38.Ka2 Rbc7 39.Kb1 Bf6 40.Rh1
Rc3 41.Rh3 Rb8 42.h5 g5 43.fxg5 Bxg5 44.Rg3 h6 45.Rh3 d5 46.Ka2
Rbc8 47.Kb1 Kf6 48.Nd1 R3c7 49.Kb2 e5 50.Nb4 a5 51.Nd3 d4 52.N1f2
Bxg2 53.Rg3 Bf1 54.Rxe5 Rxc2+ 55.Ka3 Rxf2 0-1

[Event "Ch Latvia (w)"]
[Site "Riga (Latvia)"]
[Date "2021.09.18"]
[Round "2.2"]
[White "Golsta Madara (LAT)"]
[Black "Maklakova Nellija (LAT)"]
[Result "1-0"]
[WhiteElo "1967"]
[BlackElo "1816"]
[Annotator ""]
[Source ""]
[Remark ""]

1.d4 Nf6 2.c4 g6 3.Nc3 Bg7 4.e4 d6 5.Be2 O-O 6.Nf3 c5 7.O-O cxd4
8.Nxd4 Nc6 9.Be3 Bd7 10.f3 a6 11.Qd2 Rc8 12.b3 Nxd4 13.Bxd4 Bc6
14.Rac1 e5 15.Be3 Ne8 16.b4 f5 17.b5 Bd7 18.Qd5+ Kh8 19.Qxb7
axb5 20.cxb5 Be6 21.b6 Rf7 22.Qa6 Ra8 23.Qb5 Rb7 24.a4 fxe4 25.fxe4
Nf6 26.a5 Bg4 27.a6 Bxe2 28.Nxe2 1-0

[Event "Ch Latvia (w)"]
[Site "Riga (Latvia)"]
[Date "2021.09.18"]
[Round "2.3"]
[White "Golsta Ramona (LAT)"]
[Black "Ungure Liga (LAT)"]
[Result "1/2-1/2"]
[WhiteElo "1738"]
[BlackElo "1194"]
[Annotator ""]
[Source ""]
[Remark ""]

1.d4 c5 2.d5 Nf6 3.Nc3 g6 4.e4 d6 5.Bc4 Bg7 6.Nge2 O-O 7.O-O
Na6 8.f4 Nc7 9.a4 a6 10.h3 Rb8 11.a5 b5 12.axb6 Rxb6 13.g4 Nb5
14.Qd3 Qd7 15.Ra5 Nd4 16.e5 Ne8 17.Nxd4 cxd4 18.Qxd4 Rb4 19.Na2
Ra4 20.Bd2 dxe5 21.fxe5 Nd6 22.b3 Rxa5 23.Bxa5 Nxc4 24.Qxc4 Bxe5
25.Nb4 h5 26.Nc6 Bd6 27.gxh5 Qxh3 28.Rf2 Qxh5 29.Bc3 Qg4+ 30.Qxg4
Bxg4 31.Bd4 e6 32.dxe6 Bxe6 33.Bf6 Rc8 34.Nd4 Bf8 35.Nxe6 fxe6
36.Bd4 Bc5 37.Bxc5 Rxc5 38.Rf6 Rxc2 39.Rxe6 Kg7 40.Rxa6 1/2-1/2

[Event "Ch Latvia (w)"]
[Site "Riga (Latvia)"]
[Date "2021.09.18"]
[Round "2.4"]
[White "Parhomenko Margarita (LAT)"]
[Black "Gordievich Larisa (LAT)"]
[Result "1-0"]
[WhiteElo "1935"]
[BlackElo "1740"]
[Annotator ""]
[Source ""]
[Remark ""]

1.c4 e5 2.Nc3 Nf6 3.Nf3 Nc6 4.g3 d6 5.Bg2 Be6 6.d3 Qd7 7.h3 d5
8.cxd5 Nxd5 9.Ng5 Nxc3 10.bxc3 Bd5 11.e4 Be6 12.Nxe6 Qxe6 13.Qb3
Qxb3 14.axb3 Bc5 15.Ke2 O-O-O 16.Be3 Bxe3 17.Kxe3 Rd6 18.h4 Rhd8
19.Rhd1 a6 20.Bh3+ Kb8 21.f4 exf4+ 22.gxf4 Rh6 23.Rg1 Rxh4 24.Bf1
g6 25.d4 Na7 26.Kf3 Nb5 27.Kg3 g5 28.Bxb5 axb5 29.fxg5 Rxe4 30.Rae1
Rxe1 31.Rxe1 Rd5 32.Kf4 b4 33.Ke4 Rxg5 34.cxb4 Rg4+ 35.Ke5 f6+
36.Kd5 c6+ 37.Kc5 Rg5+ 38.Kc4 Rg7 39.Rf1 Rf7 40.Rf5 Kc7 41.b5
cxb5+ 42.Kxb5 Kd6 43.d5 Ke7 44.Kc5 Rg7 45.b4 Rg5 46.Rf4 h5 47.b5
Re5 48.Ra4 Kd7 49.Rf4 Ke7 50.Ra4 Kd7 51.Ra7 Kc8 52.Ra8+ Kd7 53.Rf8
b6+ 54.Kxb6 Rxd5 55.Rxf6 h4 56.Rf7+ Kd6 57.Rh7 Rd4 58.Rh5 Rb4
59.Ka6 Ra4+ 60.Kb7 Rb4 61.b6 Kd7 62.Ka7 Ra4+ 63.Kb8 Kc6 64.b7
Rg4 65.Rh6+ Kb5 66.Rh7 Kb6 67.Rh8 Rf4 68.Rh6+ Kb5 69.Kc7 Rf7+
70.Kb8 Rf4 71.Rh7 Kb6 72.Rh6+ Kb5 73.Rd6 Rc4 74.Rd3 Rc1 75.Ra3
Kb4 76.Ka7 Kxa3 77.b8Q Rc4 78.Qh2 Rb4 79.Ka6 Kb3 80.Ka5 Rd4 81.Kb5
Kc3 82.Qh3+ Kd2 83.Kc5 Re4 84.Kd5 Rb4 85.Qf3 Kc2 86.Kc5 Ra4 87.Qe3
Kb2 88.Kb5 Ra3 89.Qf2+ Ka1 90.Kb4 Rg3 91.Qd4+ Ka2 92.Qxh4 Rb3+
93.Kc4 Ra3 94.Qf2+ Ka1 95.Kb4 Ra2 96.Qd4+ Rb2+ 97.Ka3 1-0

[Event "Ch Latvia (w)"]
[Site "Riga (Latvia)"]
[Date "2021.09.18"]
[Round "2.5"]
[White "Dombrovska Stefanija (LAT)"]
[Black "Ter-Avetisjana Agnesa Stepania (LAT)"]
[Result "0-1"]
[WhiteElo "1544"]
[BlackElo "1872"]
[Annotator ""]
[Source ""]
[Remark ""]

1.d4 d5 2.Bf4 Nf6 3.e3 e6 4.Bd3 c5 5.dxc5 Bxc5 6.Nf3 Nc6 7.c3
O-O 8.O-O Re8 9.Ne5 Bd6 10.Nxc6 bxc6 11.Bxd6 Qxd6 12.Nd2 e5 13.e4
Bb7 14.Re1 Rad8 15.Bc2 d4 16.cxd4 Qxd4 17.Nf3 Qb6 18.Qc1 Ng4
19.Re2 Ba6 20.h3 Bxe2 21.hxg4 Bxf3 22.gxf3 Rd4 23.Bb3 Red8 24.Qg5
a5 25.Qe7 Rf8 26.Rf1 a4 27.Bc2 Qb5 28.Kg2 Rd2 29.Bxa4 Qxa4 30.Qxe5
Qxa2 31.Qc3 Qxb2 32.Qxc6 Rfd8 33.Qc7 h6 34.Qe7 Qf6 35.Qc7 R2d3
36.Qg3 Rc8 37.e5 Qg6 38.Qh4 Rcc3 39.Qh3 Qc6 40.Qh4 Qxf3+ 0-1

[Event "Ch Latvia (w)"]
[Site "Riga (Latvia)"]
[Date "2021.09.18"]
[Round "2.6"]
[White "Kazmerika Anna (LAT)"]
[Black "Osobskaja Zinaida (LAT)"]
[Result "1/2-1/2"]
[WhiteElo "1851"]
[BlackElo "1688"]
[Annotator ""]
[Source ""]
[Remark ""]

1.Nf3 d5 2.d4 e6 3.g3 c5 4.c4 cxd4 5.Nxd4 Nc6 6.Nxc6 bxc6 7.Bg2
Bd6 8.O-O Ne7 9.Nc3 O-O 10.cxd5 cxd5 11.e4 Ba6 12.Re1 Bb4 13.Qa4
Bxc3 14.bxc3 Bb7 15.Ba3 Re8 16.Rad1 Bc6 17.Qa6 Qc7 18.exd5 Bxd5
19.Bxe7 Bxg2 20.Kxg2 Qxe7 21.c4 g6 22.Rd6 Rac8 23.Red1 Rc7 24.Rc6
Rec8 25.Rdd6 e5 26.Qb5 Rxc6 27.Rxc6 Re8 28.Qb3 e4 29.Ra6 Qc7
30.Ra3 Rc8 31.Ra4 Qc6 32.Kg1 Qc5 33.Qb5 Qe7 34.Qb3 Rd8 35.Qe3
Rd7 36.c5 f5 37.Rc4 Qe6 38.Rc2 Rc7 39.Qc3 Qc6 40.Qc4+ Kg7 41.Rd2
Qf6 42.Rc2 Qe5 43.c6 e3 44.fxe3 Qxe3+ 45.Kg2 Qe4+ 46.Qxe4 fxe4
47.Kf2 Kf6 48.Ke3 Ke5 49.h4 Kd5 50.Rd2+ Ke5 1/2-1/2

[Event "Ch Latvia (w)"]
[Site "Riga (Latvia)"]
[Date "2021.09.18"]
[Round "2.7"]
[White "Zalcmane Vija (LAT)"]
[Black "Zubova Darja (LAT)"]
[Result "1-0"]
[WhiteElo "1384"]
[BlackElo "1364"]
[Annotator ""]
[Source ""]
[Remark ""]

1.c4 e5 2.Nc3 Nc6 3.g3 g6 4.Bg2 Bg7 5.Nf3 d6 6.d3 Nge7 7.O-O
h6 8.Bd2 Be6 9.h3 Qd7 10.Kh2 O-O 11.Qc1 Kh7 12.Rb1 Nd8 13.e4
f5 14.b4 c6 15.Nh4 Nf7 16.Be3 f4 17.Bd2 Ng5 18.g4 Bxg4 19.Nf5
Bxf5 20.exf5 Nxf5 21.Ne4 Ne6 22.Qd1 Qe7 23.b5 Nh4 24.Bf3 Nd4
25.Bg2 Nxg2 26.Kxg2 Qd7 27.a4 Rab8 28.Rb2 d5 29.Nc5 Qe7 30.Bb4
f3+ 31.Kh2 Qh4 32.Nd7 Rf5 33.Rg1 Rd8 34.Rg4 Qh5 35.Nc5 Rf7 36.bxc6
bxc6 37.Ba5 Re8 38.cxd5 cxd5 39.Qe1 Ne2 40.Bd2 e4 41.Rb3 Be5+
42.Rg3 Bxg3+ 43.fxg3 f2 44.Qf1 Qf3 45.dxe4 Qxg3+ 46.Rxg3 Nxg3
47.Kxg3 Ref8 48.exd5 Rf3+ 49.Kg2 Ra3 50.a5 Rff3 51.Ne4 Rxh3 52.Qxf2 1-0

[Event "Ch Latvia (w)"]
[Site "Riga (Latvia)"]
[Date "2021.09.18"]
[Round "2.9"]
[White "Mierina Lauma (LAT)"]
[Black "Maklakova Naomi (LAT)"]
[Result "1-0"]
[WhiteElo "1126"]
[BlackElo "1416"]
[Annotator ""]
[Source ""]
[Remark ""]

1.e4 e5 2.Nf3 Nc6 3.d4 exd4 4.Nxd4 Nf6 5.Nc3 Bb4 6.Nxc6 bxc6
7.Bd3 O-O 8.Bg5 h6 9.Bh4 Be7 10.Bg3 Re8 11.O-O d6 12.h3 Bb7 13.Qf3
Rb8 14.a3 c5 15.Rfe1 Ba8 16.b3 Qd7 17.Rad1 Nh7 18.Re3 Bf6 19.Nd5
Bd4 20.Ree1 Nf6 21.Nxf6+ Bxf6 22.Qf5 Qxf5 23.exf5 Bc3 24.Re2
Rxe2 25.Bxe2 Re8 26.Bd3 Bc6 27.f3 a5 28.Bc4 d5 29.Bxd5 Bd4+ 30.Rxd4
cxd4 31.Bxc6 Rd8 32.Be4 c5 33.Bd3 Ra8 34.Bc7 a4 35.bxa4 Rxa4
36.Bb6 c4 37.Be4 d3 38.cxd3 cxd3 39.Bxd3 Rxa3 40.Be4 Ra2 41.Kh2
Kf8 42.Bc5+ Ke8 43.Bc6+ Kd8 44.Bf8 Ra6 45.Be4 g6 46.fxg6 fxg6
47.Bxh6 Ke7 48.Bg5+ Kf7 49.Kg3 Ra5 50.h4 Kg7 51.Kg4 Ra4 52.h5
gxh5+ 53.Kxh5 Ra2 54.f4 Ra4 55.Bf3 Ra5 56.g3 Rb5 57.Kg4 Rb4 58.Kh4
Rb3 59.Bg4 Rb4 60.Be6 Re4 61.Bf5 Ra4 62.g4 Ra3 63.Be6 Re3 64.f5
Re1 65.f6+ Kg6 66.Bf5+ Kf7 67.Kh5 Rh1+ 68.Bh4 Rh2 69.Kg5 Rh1
70.Bg6+ Kf8 71.Bg3 Rd1 72.Kf5 Rd4 73.Be5 Rd1 74.g5 Rf1+ 75.Kg4
Rd1 76.Bc3 Rg1+ 77.Kf4 Rf1+ 78.Ke3 Kg8 79.f7+ Rxf7 80.Bxf7+ Kxf7
81.Kf4 Kg6 82.Kg4 Kf7 83.Kh5 Kg8 84.Kh6 1-0

[Event "Ch Latvia (w)"]
[Site "Riga (Latvia)"]
[Date "2021.09.18"]
[Round "2.10"]
[White "Jansone Melanija Luize (LAT)"]
[Black "Tolmaceva Alona (LAT)"]
[Result "1-0"]
[WhiteElo "1413"]
[BlackElo "1049"]
[Annotator ""]
[Source ""]
[Remark ""]

1.e4 c5 2.Nf3 d6 3.d4 cxd4 4.Nxd4 Nf6 5.Nc3 a6 6.Be2 e5 7.Nb3
Be6 8.O-O Be7 9.f4 Nc6 10.a4 O-O 11.f5 Bd7 12.Be3 Nb8 13.Bf3
Bc6 14.Qe2 d5 15.exd5 Bd7 16.d6 Bxd6 17.Bxb7 Bc6 18.Bxa8 Bxa8
19.Kh1 Nc6 20.Bc5 Bxc5 21.Nxc5 Re8 22.Nb3 Qc7 23.Rfe1 Qb7 24.Ne4
Nd5 25.Nd6 Qd7 26.Nxe8 Qxe8 27.Qc4 Nf6 28.Rad1 e4 29.h3 Qc8 30.Na5
h6 31.Nxc6 Bxc6 32.Rd6 Bb7 33.Qxc8+ Bxc8 34.Rd8+ Kh7 35.Rxc8
h5 36.Rc6 a5 37.Rxf6 gxf6 38.Rxe4 Kh6 39.h4 Kg7 40.Re8 Kh7 41.b4
axb4 42.a5 Kg7 43.a6 b3 44.cxb3 Kh7 45.a7 Kg7 46.a8Q Kh7 47.Rh8+
Kg7 48.Qg8# 1-0

[Event "Ch Latvia (w)"]
[Site "Riga (Latvia)"]
[Date "2021.09.18"]
[Round "2.11"]
[White "Maklakova Dafne (LAT)"]
[Black "Paune Inese (LAT)"]
[Result "0-1"]
[WhiteElo "1021"]
[BlackElo "1405"]
[Annotator ""]
[Source ""]
[Remark ""]

1.e4 e5 2.Bc4 Nf6 3.Nc3 Nc6 4.Nf3 Be7 5.O-O d6 6.d4 exd4 7.Nxd4
Nxd4 8.Qxd4 O-O 9.Nd5 Nxd5 10.exd5 Bf6 11.Qe3 Re8 12.Qg3 Be5
13.Qf3 Qh4 14.g3 Qxc4 15.c3 Bf6 16.Be3 Qe4 17.Qxe4 Rxe4 18.Rad1
Bh3 19.Rfe1 Rae8 20.Rd3 Bf5 21.c4 Rxc4 22.Rb3 b6 23.Kg2 Bc2 24.Ra3
a5 25.b3 Rb4 26.Bd2 Rbe4 27.Rxe4 Bxe4+ 28.Kg1 Bxd5 29.Ra4 Re2
30.Be3 Re1# 0-1

[Event "Ch Latvia (w)"]
[Site "Riga (Latvia)"]
[Date "2021.09.18"]
[Round "2.12"]
[White "Krasilnikova Marija (LAT)"]
[Black "Plauca Lelde (LAT)"]
[Result "1/2-1/2"]
[WhiteElo "1201"]
[BlackElo "1021"]
[Annotator ""]
[Source ""]
[Remark ""]

1.d4 d5 2.Bf4 Nc6 3.e3 Nf6 4.Nf3 e6 5.c4 Be7 6.a3 Bd7 7.Ne5 O-O
8.Bd3 Re8 9.O-O b6 10.Nd2 Bd6 11.Nxd7 Qxd7 12.Bg3 Bxg3 13.hxg3
e5 14.dxe5 Nxe5 15.Be2 dxc4 16.Nxc4 Nxc4 17.Bxc4 Rad8 18.Qxd7
Nxd7 19.Bb5 Re5 20.a4 Nf6 21.Rfd1 Red5 22.Rxd5 Rxd5 23.Bc6 Rc5
24.Rd1 g6 25.Bf3 a5 26.Kf1 Rc4 27.Rd4 Rc5 28.Ke2 Rc2+ 29.Rd2
Rxd2+ 30.Kxd2 Kf8 31.Kc3 Ke7 32.b4 axb4+ 33.Kxb4 Kd6 34.Kc4 Nd7
35.g4 Ne5+ 36.Kd4 1/2-1/2

[Event "Ch Latvia (w)"]
[Site "Riga (Latvia)"]
[Date "2021.09.18"]
[Round "3.1"]
[White "Ter-Avetisjana Agnesa Stepania (LAT)"]
[Black "Golsta Madara (LAT)"]
[Result "1/2-1/2"]
[WhiteElo "1872"]
[BlackElo "1967"]
[Annotator ""]
[Source ""]
[Remark ""]

1.e4 g6 2.d4 Bg7 3.Nf3 d6 4.c3 a6 5.Bd3 Nd7 6.O-O b5 7.a4 Rb8
8.Qe2 c6 9.e5 dxe5 10.dxe5 e6 11.Bf4 Ne7 12.Nbd2 Nc5 13.Bc2 O-O
14.Ne4 Nxe4 15.Bxe4 Qc7 16.Rfd1 Bb7 17.Qe3 c5 18.axb5 Bxe4 19.Qxe4
axb5 20.b4 Rbd8 1/2-1/2

[Event "Ch Latvia (w)"]
[Site "Riga (Latvia)"]
[Date "2021.09.18"]
[Round "3.2"]
[White "Ungure Liga (LAT)"]
[Black "Parhomenko Margarita (LAT)"]
[Result "0-1"]
[WhiteElo "1194"]
[BlackElo "1935"]
[Annotator ""]
[Source ""]
[Remark ""]

1.e4 c6 2.Nf3 d5 3.exd5 cxd5 4.Ne5 a6 5.d4 Nf6 6.Bd3 Nc6 7.c3
g6 8.O-O Bf5 9.Re1 Bxd3 10.Qxd3 Bg7 11.Nd2 O-O 12.Ndf3 h6 13.h3
Nd7 14.Bf4 Rc8 15.Re2 b5 16.Rae1 Ncxe5 17.Nxe5 e6 18.Bg3 Nxe5
19.Bxe5 Qd7 20.h4 Qe7 21.Qg3 Rc6 22.Bxg7 Kxg7 23.a3 a5 24.h5
Qg5 25.Qxg5 hxg5 26.hxg6 Kxg6 27.Re3 b4 28.cxb4 axb4 29.a4 Rc4
30.Rd1 b3 31.Rxb3 Rxa4 32.Kf1 Rc8 33.Rc3 Rb8 34.Rd2 Rbb4 35.Rcd3
Ra2 36.Ke2 Rbxb2 37.Rxb2 Rxb2+ 38.Ke3 Kf5 39.Ra3 f6 40.g3 g4
41.Rd3 Rb5 42.Ra3 e5 43.dxe5 fxe5 44.f3 d4+ 45.Ke2 Rb2+ 46.Kf1
gxf3 47.Rxf3+ Kg4 48.Ra3 e4 49.Ke1 e3 0-1

[Event "Ch Latvia (w)"]
[Site "Riga (Latvia)"]
[Date "2021.09.18"]
[Round "3.3"]
[White "Kazmerika Anna (LAT)"]
[Black "Zalcmane Vija (LAT)"]
[Result "1-0"]
[WhiteElo "1851"]
[BlackElo "1384"]
[Annotator ""]
[Source ""]
[Remark ""]

1.d4 Nf6 2.Bf4 e6 3.Nf3 d5 4.e3 Bd6 5.c3 Bxf4 6.exf4 Nbd7 7.Ne5
c5 8.Be2 cxd4 9.Qxd4 Qb6 10.Qxb6 Nxb6 11.Nd2 Nfd7 12.O-O-O O-O
13.Nef3 Nf6 14.Bd3 Bd7 15.h3 Rac8 16.Kb1 Na4 17.Ne5 Nc5 18.Bc2
Bb5 19.Rhe1 Rc7 20.c4 dxc4 21.Ndxc4 Nh5 22.Nd6 Be8 23.g3 Nf6
24.f5 Nd5 25.fxe6 fxe6 26.f4 Nb4 27.Be4 Nxe4 28.Rxe4 Nd5 29.Nxe8
Rxe8 30.Nf3 Nf6 31.Re3 Rce7 32.Rd6 Nd5 33.Re2 Nc7 34.a3 Nb5 35.Rd3
Nc7 36.Rde3 a6 37.Re5 b5 38.Ng5 h6 39.Ne4 Rd8 40.Nc5 Kf7 41.f5
Rd6 42.b3 a5 43.Kb2 b4 44.axb4 axb4 45.g4 Rc6 46.h4 Kf6 47.g5+
hxg5 48.hxg5+ Kf7 49.Nd3 Nd5 50.fxe6+ Rcxe6 51.Rf2+ Nf6 52.Rxe6
Rxe6 53.gxf6 gxf6 54.Nxb4 Kg6 55.Nd3 Kg5 56.b4 f5 57.Kc3 Kg4
58.Rf4+ Kg5 59.Rf2 Kg4 60.Kd4 Re4+ 61.Kc3 Re3 62.b5 1-0

[Event "Ch Latvia (w)"]
[Site "Riga (Latvia)"]
[Date "2021.09.18"]
[Round "3.4"]
[White "Osobskaja Zinaida (LAT)"]
[Black "Golsta Ramona (LAT)"]
[Result "0-1"]
[WhiteElo "1688"]
[BlackElo "1738"]
[Annotator ""]
[Source ""]
[Remark ""]

1.e4 e5 2.Nf3 Nc6 3.Bc4 Bc5 4.c3 Nf6 5.d4 exd4 6.e5 d5 7.Bb5
Ne4 8.cxd4 Bb4+ 9.Bd2 Nxd2 10.Nbxd2 O-O 11.O-O Bg4 12.Be2 f6
13.a3 Ba5 14.Nb3 Bb6 15.h3 Bh5 16.exf6 Rxf6 17.Qd2 Qf8 18.Rae1
Re8 19.Bd1 Re4 20.Rxe4 dxe4 21.Ne5 Nxe5 22.Bxh5 Nd3 23.Bd1 Rg6
24.Qe3 Nf4 25.g3 Nxh3+ 26.Kh2 Ng5 27.Rh1 Qf5 28.Kg2 Rf6 29.Rh4
h6 30.Nd2 c5 31.Nxe4 Nxe4 32.Rxe4 cxd4 33.Re8+ Kh7 34.Qf3 d3
35.Qxf5+ Rxf5 36.f4 Rd5 37.Kf3 Rd7 38.Re1 Kg6 39.Bb3 d2 40.Bc2+
Kf6 41.Rd1 h5 42.Ke2 g5 43.Rh1 Bd4 44.Rxh5 gxf4 45.Rf5+ Ke7 46.Rxf4
Bxb2 47.a4 Bc1 48.g4 d1Q+ 0-1

[Event "Ch Latvia (w)"]
[Site "Riga (Latvia)"]
[Date "2021.09.18"]
[Round "3.5"]
[White "Maklakova Nellija (LAT)"]
[Black "Jansone Melanija Luize (LAT)"]
[Result "0-1"]
[WhiteElo "1816"]
[BlackElo "1413"]
[Annotator ""]
[Source ""]
[Remark ""]

1.c4 Nf6 2.d4 g6 3.Nc3 Bg7 4.e4 d6 5.Nf3 O-O 6.Be2 Nbd7 7.O-O
e5 8.Rb1 h6 9.b4 Ne8 10.Bb2 Kh7 11.dxe5 dxe5 12.c5 c6 13.Qc2
Qc7 14.Rfd1 a5 15.a3 Ndf6 16.b5 Be6 17.Na4 Nh5 18.b6 Qb8 19.Bc4
Nf4 20.g3 Bg4 21.Qb3 Nh3+ 22.Kg2 f5 23.Rd7 fxe4 24.Nxe5 Rxf2+
25.Kh1 Qxe5 26.Bxe5 Bf3+ 27.Qxf3 exf3 28.Re1 Rg2 29.Bd4 Nf2+
30.Bxf2 Rxf2 31.Bd3 Nf6 32.Rxb7 Ng4 33.Ree7 Rxh2+ 34.Kg1 Rg8
35.Nc3 Rg2+ 36.Kf1 Nh2+ 37.Ke1 f2+ 38.Kd1 Rxg3 39.Bc4 Rd8+ 40.Nd5
Rxd5+ 41.Kc2 Rc3+ 42.Kb2 Rd2+ 43.Kb1 h5 44.Rxg7+ Kh6 45.Rh7+
Kg5 46.Rbd7 Rxc4 0-1

[Event "Ch Latvia (w)"]
[Site "Riga (Latvia)"]
[Date "2021.09.18"]
[Round "3.6"]
[White "Paune Inese (LAT)"]
[Black "Kuznecova Marija (LAT)"]
[Result "0-1"]
[WhiteElo "1405"]
[BlackElo "1793"]
[Annotator ""]
[Source ""]
[Remark ""]

1.e4 c5 2.Nf3 d6 3.d4 cxd4 4.Nxd4 Nf6 5.Nc3 a6 6.h3 e5 7.Nf3
Be7 8.Be3 O-O 9.Bd3 b5 10.a3 Bb7 11.Qd2 Nbd7 12.Rd1 b4 13.axb4
d5 14.exd5 Bxb4 15.Bf5 Nb6 16.h4 Nfxd5 17.Qc1 Qf6 18.Bxb6 Nxc3
19.bxc3 Bxc3+ 20.Nd2 Qxf5 21.Kf1 Qg6 22.f3 Qxb6 23.Ne4 Bxe4 24.fxe4
Rad8 25.Rd3 Qb5 26.Rhh3 f5 27.Rhg3 fxe4+ 0-1